000 00604nam a2200229Ia 4500
003 OSt
005 20220924131752.0
006 a|||||r|||| 00| 0
007 ta
008 220923b |||||||| |||| 00| 0 san d
024 _a76001
037 _cTextual
040 _aARTS
_cARTS
_bsan
041 _2san
_asan
082 _aR625x1,1, 15E3
100 _aGautama
245 0 _aNyaya Sutra tr by Satisa Chandra
260 _aVidyabhusana
_bAllahabad
_c1913
650 _aNYAYA PHILOSOPHY
_910608
942 _hR625x1,1, 15E3
_cTEXL
_2CC
999 _c428142
_d428142